| 000 | 00379nam a2200157Ia 4500 | ||
|---|---|---|---|
| 008 | 230312s9999||||xx |||||||||||||| ||und|| | ||
| 020 | _a0-07-468824-9 | ||
| 082 |
_a621.381 _bBAL-C |
||
| 100 | _aBali;S.P | ||
| 245 | 0 | _aColour Television | |
| 260 |
_bTata McGraw Hill _aIndia _c2007 |
||
| 300 | _a483 | ||
| 546 | _aEng. | ||
| 650 |
_aEngineering _vColour Television |
||
| 942 | _cBK | ||
| 999 |
_c7228 _d7228 |
||